Jaderné reaktory
Saved in:
| Main Author: | |
|---|---|
| Format: | Book |
| Language: | Czech |
| Published: |
Bratislava :
SNTL,
1981
|
| Tags: |
No Tags, Be the first to tag this record!
|
MARC
| LEADER | 00000nam a22000003a 4500 | ||
|---|---|---|---|
| 001 | stu33386 | ||
| 005 | 20150617225733.3 | ||
| 008 | 981006s1981------------------------cze-d | ||
| 040 | |a STU |b slo | ||
| 041 | 0 | |a cze | |
| 100 | 1 | |a Heřmanský, Bedřich |4 aut | |
| 245 | 1 | |a Jaderné reaktory | |
| 260 | |a Bratislava : |b SNTL, |c 1981 | ||
| 300 | |a 271 s | ||
| 996 | |b 284EK03339 |c E*47671 |l EE0101 |s P |a 0 |w stu33386_0001 | ||
| 996 | |b E47700 |c E*47700 |l EE10 |s P |a 0 |w stu33386_0002 | ||
| 996 | |b E47702 |c E*47702 |l EE10 |s P |a 0 |w stu33386_0004 | ||
| 996 | |b 284EK02406 |c E*47672 |l EE01 |s A |a 24 |w stu33386_0005 | ||
| 996 | |b 284EK04717 |c E*47670 |l EE01 |s A |a 24 |w stu33386_0006 | ||